L'histoire notable de la Floride (Record no. 155480)
[ view plain ]
| 000 -LEADER | |
|---|---|
| campo de control de longitud fija | 01154nam a2200229 i 4500 |
| 001 - NÚMERO DE CONTROL | |
| campo de control | 155480 |
| 003 - IDENTIFICADOR DE NÚMERO DE CONTROL | |
| campo de control | ES-MaACL |
| 005 - FECHA Y HORA DE LA ÚLTIMA TRANSACCIÓN | |
| campo de control | 20251114151138.0 |
| 008 - DATOS DE LONGITUD FIJA--INFORMACIÓN GENERAL | |
| campo de control de longitud fija | 040812s1853 fr |||| | fre d |
| 040 ## - FUENTE DE CATALOGACIÓN | |
| Centro catalogador/agencia de origen | CAM |
| Lengua de catalogación | spa |
| Centro/agencia transcriptor | CAM |
| 245 02 - MENCIÓN DEL TÍTULO | |
| Título | L'histoire notable de la Floride |
| Resto del título | : situèe es Indes Occidentales / |
| Mención de responsabilidad, etc. | contenant les trois voyages faits en icelle par certains capitaines et pilotes françois, descrits par le capitaine Laudonnière, qui y a commandé l'espace d'un an trois moys ; à laquelle a esté adjousté un quatriesme voyage fait par le capitaine Gourgues ; mise en lumière par M. Basanier. |
| 260 ## - PUBLICACIÓN, DISTRIBUCIÓN, ETC. | |
| Lugar de publicación, distribución, etc. | Paris : |
| Nombre del editor, distribuidor, etc. | chez P. Jannet, |
| Fecha de publicación, distribución, etc. | 1853 ( |
| Fabricante | Imp. de Guiraudet et Jouaust) |
| 300 ## - DESCRIPCIÓN FÍSICA | |
| Extensión | XVI, 228 p. ; |
| Dimensiones | 17 cm. |
| 490 1# - MENCIÓN DE SERIE | |
| Mención de serie | Bibliothèque Elzevirienne ; |
| Designación de volumen o secuencia | 53 |
| 651 #4 - PUNTO DE ACCESO ADICIONAL DE MATERIA--NOMBRE GEOGRÁFICO | |
| Nombre geográfico | Florida (EEUU)- |
| Subdivisión general | Historia. |
| 9 (RLIN) | 137162 |
| 700 1# - ENTRADA AGREGADA--NOMBRE PERSONAL | |
| Nombre de persona | Laudonnière, René de Goulaine de, |
| Fechas asociadas al nombre | 15..?-1572? |
| 9 (RLIN) | 167463 |
| 700 1# - ENTRADA AGREGADA--NOMBRE PERSONAL | |
| Nombre de persona | Gourgues, Dominique de ( |
| Fechas asociadas al nombre | 1530?-1593) |
| 9 (RLIN) | 167464 |
| 700 1# - ENTRADA AGREGADA--NOMBRE PERSONAL | |
| Nombre de persona | Basanier, Martin, |
| Fechas asociadas al nombre | 15..-16..? |
| 9 (RLIN) | 167465 |
| 830 0# - PUNTO DE ACCESO ADICIONAL DE SERIE-TÍTULO UNIFORME | |
| Título uniforme | Bibliothèque Elzevirienne ; |
| Designación de volumen o secuencia | 53 |
| 9 (RLIN) | 180979 |
| 852 ## - LOCALIZACIÓN | |
| Ubicación | ES-MaACL |
| Número de control de estantería | G-2307(1) |
| Nota libre | -- Enc. tela |
| Estatus retirado | Estado de pérdida | Estado de daño | No para préstamo | Colección | Biblioteca de origen | Biblioteca actual | Ubicación en estantería | Fecha de adquisición | Fuente de adquisición | Total de préstamos | Signatura topográfica completa | Código de barras | Visto por última vez | Precio de reemplazo | Tipo de ítem Koha |
|---|---|---|---|---|---|---|---|---|---|---|---|---|---|---|---|
| Libros del s. XIX | Biblioteca del Ateneo de Madrid | Biblioteca del Ateneo de Madrid | Depósito 2 | 17/01/2008 | G-2307(1) | 1162636 | 23/02/2023 | 23/02/2023 | Libro impreso antiguo |
